000 00420nam a22001817a 4500
003 OSt
008 210325b ||||| |||| 00| 0 eng d
020 _a9780070248618
082 _a658.4063 PRI
100 _aPRAHALAD,CK
245 _aThe New Age of Innovation
250 _a1st and Reprint
260 _aNew Delhi
_bTMH
_c2008
300 _a278
650 _aGeneral
700 _aKRISHANAN,MS
942 _2ddc
_cBK
999 _c10574
_d10574